Statistics for Groups of Two - Movies

Click here to take the quiz!

General Stats

  • This quiz has been taken 21,065 times
  • The average score is 24 of 40

Answer Stats

GroupAnswer% Correct
Affleck brothersBen
96%
Famous HepburnsAudrey
92%
Main Toy Story charactersBuzz Lightyear
89%
Star Wars droids (original trilogy)R2-D2
88%
Main Toy Story charactersWoody
86%
Sisters from the movie "Frozen"Elsa
84%
Star Wars droids (original trilogy)C-3PO
82%
Main stars of "Grease"John Travolta
82%
Movies for which Tom Hanks
won an Oscar for Best Actor
Forrest Gump
81%
Hobbits who went to MordorFrodo Baggins
79%
Cities where "The Hangover"
series takes place
Las Vegas
79%
Main stars of "Fight Club"Brad Pitt
77%
Characters who sang "Hakuna Matata"Pumbaa
73%
Superheroes portrayed by
Ryan Reynolds
Deadpool
71%
Famous HepburnsKatharine
69%
Main stars of "Grease"Olivia Newton-John
69%
Hobbits who went to MordorSamwise Gamgee
69%
Sisters from the movie "Frozen"Anna
68%
Characters who sang
"Hakuna Matata"
Timon
68%
Superheroes portrayed by Ryan ReynoldsGreen Lantern
64%
Asteroid disaster movies
of 1998
Armageddon
63%
Affleck brothersCasey
63%
Stars of "Lethal Weapon"Mel Gibson
61%
Actors to star as SpockLeonard Nimoy
57%
Main stars of "Fight Club"Ed Norton
55%
Movies for which Tom Hanks won an Oscar for Best ActorPhiladelphia
53%
Stars of "Lethal Weapon"Danny Glover
50%
Cities where "The Hangover" series takes placeBangkok
48%
Asteroid disaster movies of 1998Deep Impact
39%
Movies starring Paul Newman
and Robert Redford
Butch Cassidy and
the Sundance Kid
38%
Coen brothersJoel
37%
Coen brothersEthan
36%
Kowalski family members from "A Streetcar Named Desire"Stella
33%
Brothers of Michael CorleoneSonny
30%
Movies starring Paul Newman and Robert RedfordThe Sting
30%
Brothers of Michael CorleoneFredo
29%
Actors to star as SpockZachary Quinto
29%
Classic blunders from
"The Princess Bride"
Never get involved in a
{land} {war} in Asia
25%
Kowalski family members from
"A Streetcar Named Desire"
Stanley
24%
Classic blunders from
"The Princess Bride"
Never go in against
a {Sicilian} when death
is on the line
22%

Score Distribution

Percentile by Number Answered

Percent of People with Each Score

Your Score History

You have not taken this quiz